000 00476nam a2200097Ia 4500
008 170517s9999 xx 000 0 und d
245 4 _aThe 46 Year Pregnancy
300 _aIn 1955, in a small village outside Casablanca, 26-year-old Zahra was pregnant with her first child. But after 48 hours of painful labor the baby was still not born. She was rushed to the local hospital, but in the...
650 _xTechnology.
856 _uhttp://topdocumentaryfilms.com/46-year-pregnancy/
999 _c335095
_d335095